|
|
|
|
| LEADER |
00000nas a2200000 i 4500 |
| 001 |
ssj0001600389 |
| 003 |
WaSeSS |
| 005 |
20200512172242.0 |
| 006 |
m d |
| 007 |
cr n |
| 008 |
140815c20149999cauar p s | a0eng |
| 010 |
|
|
|a 2014201377
|
| 016 |
7 |
|
|a 101688338
|2 DNLM
|
| 022 |
|
|
|a 2374-3743
|l 2374-3735
|y 2374-3735
|
| 035 |
|
|
|a (WaSeSS)ssj0001600389
|
| 037 |
|
|
|b Association of Patient Experience, PO Box 21875, Cleveland, OH 44121
|
| 040 |
|
|
|a DLC
|b eng
|e pn
|c DLC
|d NLM
|d OCLCO
|d VT2
|d OCLCF
|d OCLCO
|d OCLCA
|d OCLCQ
|d OCL
|d UIU
|d CASUM
|d OCLCA
|d DLC
|d WaSeSS
|
| 042 |
|
|
|a pcc
|a nsdp
|
| 050 |
0 |
0 |
|a R727.3
|
| 060 |
0 |
0 |
|a W1
|
| 082 |
0 |
0 |
|a 362
|2 23
|
| 222 |
|
0 |
|a Journal of patient experience
|b (Online)
|
| 245 |
0 |
0 |
|a Journal of patient experience
|h [electronic resource].
|
| 260 |
|
|
|a Cleveland, OH :
|b SBN Interacitve,
|c 2014-
|
| 260 |
3 |
|
|3 Nov. 2015- :
|a Thousand Oaks, CA :
|b Sage
|
| 310 |
|
|
|a Annual
|
| 362 |
1 |
|
|a Began with Volume 1 (2014).
|
| 506 |
|
|
|a License restrictions may limit access.
|
| 588 |
|
|
|a Description based on: Volume 1 (2014); title from title caption (Enliven's website viewed, August 13, 2014).
|
| 588 |
|
|
|a Latest issue consulted: Volume 6 (2019) (SAGE online, viewed June 25, 2019).
|
| 650 |
|
0 |
|a Patient satisfaction
|v Periodicals.
|
| 650 |
|
0 |
|a Medical care
|v Periodicals.
|
| 650 |
|
7 |
|a Medical care.
|2 fast
|0 (OCoLC)fst01013753
|
| 650 |
|
7 |
|a Patient satisfaction.
|2 fast
|0 (OCoLC)fst01055027
|
| 650 |
1 |
2 |
|a Patient Satisfaction.
|
| 650 |
2 |
2 |
|a Delivery of Health Care.
|
| 655 |
|
0 |
|a Electronic journals.
|
| 710 |
2 |
|
|a Association for Patient Experience (United States)
|
| 776 |
0 |
8 |
|i Print version:
|t Journal of patient experience
|x 2374-3735
|w (DLC) 2014201373
|w (OCoLC)887206672
|
| 850 |
|
|
|a DLC
|
| 856 |
4 |
0 |
|z Full text available from Research Library: 03/01/2018 to present
|u https://search.proquest.com/publication/4451104
|